| 000 | 00960nas1a22002291i 4500 | ||
|---|---|---|---|
| 001 | RU\NLR\INFOCOMM_14\5000036369 | ||
| 005 | 20240726070837.0 | ||
| 035 | _a(NLR Aleph) 003737887 | ||
| 090 |
_a2893871 _c2893871 |
||
| 100 | _a20060405c1772 |||y0rusy50 ba | ||
| 101 | 0 | _ager | |
| 102 | _aRU | ||
| 110 | _azyuz|||0|y| | ||
| 200 | 1 |
_aRussische Bibliothek , zur Kenntniß des gegenwärtigen Zustandes der Literatur und Rußland _fHerausgegeben von Hartw. Ludw. Christi. Bacmeister, ... Mitgliede der Königlichen Deutschen Gesellschaft in Göttingen |
|
| 210 |
_aSt. Petersburg ect. _cJohann Friedrich Hartknoch _d1772-1787 |
||
| 300 | _aПеречень имеющихся в библиотеке томов, номеров, годов этого издания см. в иностранном книжном каталоге | ||
| 801 | 1 |
_aRU _bInfoComm _c20060405 |
|
| 801 | 0 |
_aRU _bNLR _gPSBO |
|
| 852 |
_aNLR _bб/ш |
||
| 942 | _cSE | ||
| 980 | _aINPER | ||